00376nam a2200145 a 4500008004100000020001500041050001900056100001900075245002500094250001200119260004600131300002200177350000900199700002200208120416s1988 ||||||||||||||||| || u a0256058148 aHF 5438.25 Kur aKurtz, David L10aProfessional selling a5th ed. aPlano, TexasbBusiness Publicationsc1988 axxvi, 399p. : ill a0.00 aKlompmaker, Jay E